| 000 | 00529nam a2200181Ia 4500 | ||
|---|---|---|---|
| 005 | 20250923144301.0 | ||
| 008 | 008 250917s9999 xx 000 0 eng d | ||
| 037 | _aTextual | ||
| 040 |
_aDSWL _beng _cDSWL |
||
| 041 |
_aeng _2eng |
||
| 084 |
_aToaY, N39 _qDSWL |
||
| 100 |
_aSlavson, S.R. _9823215 |
||
| 245 | 0 |
_aCharacter of education ina democracy _cby S.R. Slavson |
|
| 260 |
_aNew York _b Association Press _c1939 |
||
| 300 | _a226 p. | ||
| 942 |
_cTEXL _hTOaY, N39 |
||
| 999 |
_c1436988 _d1436988 |
||